Pays qui émettent le plus de dioxyde de carbone par PIB PPA - Statistiques

Statistiques générales
  • Ce quiz a été pris 41 fois
  • Le résultat moyen est 7 sur 21
Statistiques - réponses
CO2 Pays % Correct
0,51 Chine
95%
0,41 Qatar
76%
0,45 Russie
70%
0,47 Koweït
59%
0,68 Iran
57%
0,46 Irak
51%
0,67 Oman
46%
0,48 Bahreïn
41%
1,20 Syrie
38%
0,57 Kazakhstan
35%
0,91 Mongolie
24%
0,40 Ouzbékistan
24%
0,98 Turkménistan
24%
0,68 Afrique du Sud
16%
0,51 Libye
14%
4,09 Palaos
11%
0,57 Somalie
11%
0,44 Serbie
8%
0,90 Trinité-et-Tobago
8%
0,85 Barbade
5%
0,68 Bosnie-Herzégovine
3%
Aucun quiz correspondant
Distribution des résultats
% des personnes avec chaque résultat
Percentile par nombre de réponses
Votre historique - résultats
Vous n’avez pas pris ce quiz